Construction of Depth Version of Colon Classification (Record no. 275038)

000 -LEADER
fixed length control field 00259 a2200097 4500
001 - CONTROL NUMBER
control field 39965
090 ## - LOCALLY ASSIGNED LC-TYPE CALL NUMBER (OCLC); LOCAL CALL NUMBER (RLIN)
-- 24955
-- 24955
100 ## - MAIN ENTRY--PERSONAL NAME
Personal name Gopinath M A
245 ## - TITLE STATEMENT
Title Construction of Depth Version of Colon Classification
260 ## - PUBLICATION, DISTRIBUTION, ETC.
Place of publication, distribution, etc. New Delhi
Name of publisher, distributor, etc. Wiley Eastern Ltd
Date of publication, distribution, etc. 1986
942 ## - ADDED ENTRY ELEMENTS (KOHA)
Institution code [OBSOLETE] NUST-CAE
Koha item type
--
Holdings
Withdrawn status Lost status Damaged status Not for loan Collection code Permanent Location Current Location Date acquired Total Checkouts Barcode Date last seen Price effective from Koha item type
          College of Aeronautical Engineering (CAE) College of Aeronautical Engineering (CAE) 04/03/2017   CAE61261 04/05/2017 04/05/2017 Book
© 2023 Central Library, National University of Sciences and Technology. All Rights Reserved.